Les 20 villes les plus touristiques du monde en images - Statistiques

Statistiques générales
  • Ce quiz a été pris 230 fois
  • Le résultat moyen est 10 sur 20
Statistiques - réponses
Par images Hint Réponse % Correct
1 Paris
96%
7 Rome
93%
10 Londres
90%
4 Tokyo
88%
9 Barcelone
84%
8 New York
84%
19 Los Angeles
79%
6 Berlin
74%
5 Amsterdam
71%
2 Dubai
58%
13 Milan
47%
20 Lisbonne
28%
16 Osaka
18%
17 Hong Kong
17%
3 Madrid
17%
14 Séoul
15%
15 Dublin
14%
18 Vienne
10%
12 Munich
9%
11 Singapour
7%
Aucun quiz correspondant
Distribution des résultats
% des personnes avec chaque résultat
Percentile par nombre de réponses
Votre historique - résultats
Vous n’avez pas pris ce quiz